| 000 | 00623nam a22002172 4500 | ||
|---|---|---|---|
| 001 | 0000007021 | ||
| 005 | 20151217152020.0 | ||
| 008 | 071108s xx 000 0 eng d | ||
| 020 |
_a0198297580 : _cKES 3400 |
||
| 040 |
_aKABU _cKABU |
||
| 100 | 1 |
_aSen, Amartya. _@0000155769 |
|
| 245 | 1 | 0 |
_aDevelopment as freedom / _cAmartya Sen. |
| 260 |
_aOxford : _bO. U. P., _c1999. |
||
| 300 | _axvi, 366 p. | ||
| 650 | 0 |
_aFree enterprise. _@0000158041 |
|
| 650 | 0 |
_aLiberty. _@0000053025 |
|
| 650 | 0 |
_aEconomic development. _@0000150073 |
|
| 908 | _a071108 | ||
| 950 | _@1 | ||
| 999 |
_c7344 _d7344 |
||